• 首页
  • 本馆介绍
  • 公告通知
  • 最新文献
  • 馆藏检索
  • 电子资源
  • 读者导购
  • 参考咨询
  • 我的图书馆
  • 登录
  • 详细信息显示
  • 放入我的书架
  • 预约/预借图书
  • 作者相关作品
  • 分类相关作品
  • 丛书相关作品
  • 出版社相关作品

书目信息

  • 表格格式
  • 工作单格式
  • 卡片格式
题名:
沿着有中国特色的社会主义道路前进
    
 
作者: 赵紫阳 报告
分册:  
出版信息: 北京   人民出版社  1987.11
页数: 64页
开本: 19cm
丛书名:
单 册:
中图分类: D22
科图分类:
主题词: 中共十三大(1987)-政治报告 , 政治报告-中共十三大(1987)
电子资源:
ISBN:
000 01064nam0 2200241 45
001 0188012327
005 20060728095140.00
010    @dCNY0.32
020    @aCN@b88012327
100    @a19910417d1987 km y0chiy0120 ea
101 0  @achi
102    @aCN@b110000
105    @ay q 000yy
200 10 @a沿着有中国特色的社会主义道路前进@Ayan zhe you zhong guo te se de she hui zhu yi dao lu qian jin@e在中国共产党第十三次全国代表大会上的报告@Ezai zhong guo gong chan dang di shi san ci quan guo dai biao da hui shang de bao gao@f赵紫阳报告@Fzhao zi yang bao gao
210    @a北京@c人民出版社@d1987.11
215    @a64页@d19cm
540 1  @a沿着有中国特色的社会主义道路前进@e在中国共产党第十三次全国代表大会上的报告@Ayan zhe you zhong guo te se de she hui zhu yi dao lu qian jin@Ezai zhong guo gong chan dang di shi san ci quan guo dai biao da hui shang de bao gao
606    @a中共十三大(1987)-政治报告
606    @a政治报告-中共十三大(1987)
690    @aD22@v1980
701  0 @a赵紫阳@Azhao zi yang@4报告
801  0 @aCN@bTSSF@c20060728
905    @a10447@dD22@e82
    
    沿着有中国特色的社会主义道路前进:在中国共产党第十三次全国代表大会上的报告/赵紫阳报告.-北京:人民出版社,1987.11
    64页;19cm
    
    
    ISBN :CNY0.32
    
●
相关链接 在E读中查询图书 在五车中查询图书 在当当中查询图书 在豆瓣中查询图书


正题名:沿着有中国特色的社会主义道路前进     索取号:D22/82         预约/预借

序号 登录号 条形码 馆藏地/架位号 状态 备注
1 0440308   204403083   密集书库/ [索取号:D22/82] 在馆    
唐山师范学院图书馆 欢迎您!
大连网信软件有限公司© 版权所有